000 01611nam a2200421 i 4500
001 8424
003 KOSZ 005
005 20200622110433.0
008 200401s1966 pl a f 000 0 pol
015 _aPB 1967/741
040 _aWA N
_cWA N
_dKOSZ 005/RW
_dKOSZ 005/HR
041 1 _apol
_hrus
046 _k1963
080 _a621.3
080 _a338
100 1 _aKonson, A. S.
_eAutor
245 1 0 _aEkonomiczne podstawy projektowania urządzeń elektrycznych /
_cA. S. Konson ; z rosyjskiego tłumaczył Wacław Geritz.
246 1 _iTytuł oryginału :
_aEkonomičeskoe obosnovanie proektov èlektričeskih mašin, apparatov, priborov.
260 _aWarszawa :
_bWydawnictwa Naukowo-Techniczne,
_c1966.
300 _a229, [2] stron, [1] karta tablic :
_bilustracje ;
_c22 cm.
336 _aTekst
_btxt
_2rdacontent
337 _aBez urządzenia pośredniczącego
_bn
_2rdamedia
338 _aWolumin
_bnc
_2rdacarrier
380 _aKsiążki
380 _aPublikacje fachowe
388 _a1901-2000
388 _a1945-1989
504 _aBibliografia na stronie [231].
521 8 _aKsiążka jest przeznaczona dla konstruktorów i pracowników inżynieryjno-technicznych przemysłu elektrycznego.
650 7 _aProjektowanie
650 7 _aUrządzenia
650 7 _aElektrotechnika
658 _aInżynieria i technika
700 1 _aGeritz, Wacław
_eTłumaczenie
710 2 _aWydawnictwa Naukowo-Techniczne
_4pbl
856 _uhttp://koha.tu.koszalin.pl/cgi-bin/koha/opac-detail.pl?biblionumber=8424
_yKatalog online BPK
942 _2UKD
_cKS
999 _c8424
_d8424